[Event "ROM-ch U14 Girls"]
[Site "Baile Felix"]
[Date "2017.02.03"]
[Round "2"]
[White "Rata, Anamaria"]
[Black "Olinici, Ecaterina"]
[Result "1-0"]
[WhiteElo "1496"]
[BlackElo "1455"]
[PlyCount "77"]
[EventDate "2017.02.02"]
[EventType "swiss"]
[EventRounds "9"]
[EventCountry "ROU"]
[SourceTitle "CBM 176 Extra"]
[Source "ChessBase"]
[SourceDate "2017.03.02"]
[SourceVersion "1"]
[SourceVersionDate "2017.03.02"]
[SourceQuality "1"]

1. e4 e5 2. Nf3 Nc6 3. Bc4 Nf6 4. Ng5 d5 5. exd5 Na5 6. Bb5+ c6 7. dxc6 bxc6 8. Be2 h6 9. Nf3 e4 10. Ne5 Bd6 11. d4 exd3 12. Nxd3 0-0 13. Bf4 Bxf4 14. Nxf4 Qc7 15. Nd3 Nb7 16. Nc3 Bf5 17. 0-0 Rad8 18. Rc1 Rfe8 19. Qd2 Rd4 20. Rfd1 Qd7 21. Qe1 Bxd3 22. Rxd3 Rxd3 23. cxd3 Nc5 24. Qd2 Rd8 25. Rd1 Nd5 26. Nxd5 Qxd5 27. a3 Qd4 28. Qc3 Qd6 29. Qc4 Rb8 30. b4 Ne6 31. Bf3 Nd4 32. Be4 Rb6 33. Kh1 Nb5 34. a4 Na3 35. Qc5 Qxc5 36. bxc5 Ra6 37. h3 Nc2 38. Rb1 Nd4 39. Rb8# 1-0

[Event "ROM-ch U12 Girls"]
[Site "Calimanesti Caciulata"]
[Date "2016.04.25"]
[Round "9"]
[White "Hordila, Malina Teodora"]
[Black "Rata, Anamaria"]
[Result "0-1"]
[WhiteElo "1301"]
[BlackElo "1361"]
[PlyCount "86"]
[EventDate "2016.04.18"]
[EventType "swiss"]
[EventRounds "9"]
[EventCountry "ROU"]
[SourceTitle "EXT 2017"]
[Source "ChessBase"]
[SourceDate "2016.10.25"]
[SourceVersion "1"]
[SourceVersionDate "2016.10.25"]
[SourceQuality "1"]

1. f4 d5 2. b3 Nf6 3. Nf3 g6 4. Bb2 Bg7 5. e3 b6 6. c4 0-0 7. Nc3 dxc4 8. Bxc4 Ba6 9. Bxa6 Nxa6 10. d4 c5 11. Ne2 Nd5 12. Qd3 Nab4 13. Qd2 Nxe3 14. Kf2 Nf5 15. Rhd1 Qc7 16. a3 Nd5 17. dxc5 Qxc5+ 18. Bd4 Bxd4+ 19. Nfxd4 Nxd4 20. Qxd4 Qxd4+ 21. Rxd4 Nf6 22. Rc1 Rac8 23. Rdc4 Rxc4 24. Rxc4 Nd5 25. Rd4 e6 26. g4 f5 27. gxf5 gxf5 28. Rc4 Rf7 29. Nc3 Nxc3 30. Rxc3 Rd7 31. Ke2 Kf7 32. Rh3 Ke8 33. Rh6 Re7 34. Rf6 Kd7 35. Ke3 Kd6 36. Kd4 a6 37. a4 Rd7 38. Ke3 Kd5 39. Kd3 e5 40. Rxf5 Ke6+ 41. Ke4 Rd4+ 42. Ke3 Kxf5 43. fxe5 Kxe5 0-1

[Event "ROM-ch U12 Girls"]
[Site "Calimanesti Caciulata"]
[Date "2016.04.18"]
[Round "1"]
[White "Rata, Anamaria"]
[Black "Bocanici, Denisa Elena"]
[Result "1-0"]
[WhiteElo "1361"]
[BlackElo "1039"]
[PlyCount "57"]
[EventDate "2016.04.18"]
[EventType "swiss"]
[EventRounds "9"]
[EventCountry "ROU"]
[SourceTitle "CBM 172 Extra"]
[Source "ChessBase"]
[SourceDate "2016.06.21"]
[SourceVersion "1"]
[SourceVersionDate "2016.06.21"]
[SourceQuality "1"]

1. e4 e5 2. Nf3 Nc6 3. Bc4 Nf6 4. Ng5 d5 5. exd5 Nxd5 6. d4 f6 7. dxe5 fxg5 8. Qxd5 Qxd5 9. Bxd5 Nxe5 10. Bxg5 h6 11. Bh4 c6 12. Bb3 g5 13. Bg3 Bg7 14. Nc3 Bd7 15. 0-0-0 0-0-0 16. Ne4 Kb8 17. Nd6 Be8 18. Nc4 Rxd1+ 19. Rxd1 Rf8 20. Bxe5+ Bxe5 21. Nxe5 Rxf2 22. Rd8+ Kc7 23. Rxe8 Rxg2 24. h3 Rh2 25. Be6 Re2 26. Bg4 Re4 27. b3 b5 28. Bf3 Rf4 29. Re6 1-0

[Event "ROM-ch U12 Girls"]
[Site "Calimanesti"]
[Date "2015.04.04"]
[Round "7"]
[White "Rata, Anamaria"]
[Black "Avadani, Teodora"]
[Result "0-1"]
[WhiteElo "1539"]
[BlackElo "1474"]
[PlyCount "72"]
[EventDate "2015.03.30"]
[EventType "swiss"]
[EventRounds "9"]
[EventCountry "ROU"]
[SourceTitle "CBM 165 Extra"]
[Source "ChessBase"]
[SourceDate "2015.04.21"]
[SourceVersion "1"]
[SourceVersionDate "2015.04.21"]
[SourceQuality "1"]

1. e4 e5 2. Nf3 d6 3. Bc4 Be6 4. Bb3 h6 5. d4 Bxb3 6. axb3 Nd7 7. Nbd2 Ngf6 8. Qe2 Be7 9. Nc4 exd4 10. Nxd4 0-0 11. 0-0 Re8 12. f3 d5 13. Na5 c6 14. exd5 Bb4 15. Nxb7 Qb6 16. Qc4 Ne5 17. Qe2 Qxb7 18. dxc6 Nxc6 19. Qc4 Nxd4 20. Qxd4 Qb6 21. Qxb6 axb6 22. Rxa8 Rxa8 23. c3 Bc5+ 24. Kh1 Ra1 25. Re1 Kf8 26. g3 Bf2 27. Rd1 Be3 28. Kg2 Rxc1 29. Rd6 Rc2+ 30. Kh3 Bg1 31. g4 Rxh2+ 32. Kg3 Rxb2 33. Rd8+ Ke7 34. Rd3 Bh2+ 35. Kh3 Bf4 36. g5 Rh2# 0-1

[Event "ROM-ch U12 Girls"]
[Site "Calimanesti"]
[Date "2015.04.03"]
[Round "6"]
[White "Banciu, Alexandra Ioana"]
[Black "Rata, Anamaria"]
[Result "0-1"]
[WhiteElo "1320"]
[BlackElo "1539"]
[PlyCount "156"]
[EventDate "2015.03.30"]
[EventType "swiss"]
[EventRounds "9"]
[EventCountry "ROU"]
[SourceTitle "CBM 165 Extra"]
[Source "ChessBase"]
[SourceDate "2015.04.21"]
[SourceVersion "1"]
[SourceVersionDate "2015.04.21"]
[SourceQuality "1"]

1. e4 c5 2. c3 d5 3. exd5 Qxd5 4. d4 Nc6 5. dxc5 Qxc5 6. Be3 Qa5 7. Nf3 Bg4 8. h3 Bh5 9. Be2 e6 10. Nbd2 Rd8 11. Qb3 Qc7 12. 0-0 Bd6 13. Rfe1 Nf6 14. Bg5 Be7 15. Qa4 a6 16. Rad1 0-0 17. Ne4 Rxd1 18. Rxd1 Nxe4 19. Qxe4 Bxf3 20. Qxf3 Bxg5 21. Bd3 Ne5 22. Qg3 f6 23. Bc2 Rc8 24. f4 Nc4 25. Qd3 Bxf4 26. Qxh7+ Kf8 27. Bg6 Bh6 28. g4 Qg3+ 29. Kf1 Qxh3+ 30. Ke2 Qxg4+ 31. Kf2 Ke7 32. Rd3 Qh4+ 33. Rg3 Be3+ 34. Kg2 Qxh7 35. Bxh7 g5 36. Be4 Rc7 37. b3 Bf4 38. Rd3 Ne5 39. Rh3 Kd6 40. Rh6 Rxc3 41. Rxf6 Ng4 42. Rg6 Rg3+ 43. Kf1 Nh2+ 44. Kf2 Ng4+ 45. Kf1 Ne3+ 46. Kf2 b5 47. Bb7 a5 48. Bc8 Rg2+ 49. Kf3 Kc7 50. Bxe6 Rxa2 51. Rg7+ Kd6 52. Rg6 Ke5 53. Bg8 b4 54. Re6+ Kd4 55. Re4+ Kc3 56. Be6 a4 57. bxa4 Rxa4 58. Bf7 Ra7 59. Bg8 b3 60. Bxb3 Kxb3 61. Re6 Nc2 62. Rb6+ Nb4 63. Rg6 Ra5 64. Kg4 Nd3 65. Rg8 Bc1 66. Rb8+ Kc2 67. Rc8+ Kd1 68. Rd8 Ke2 69. Rf8 Nf2+ 70. Kg3 Bf4+ 71. Kg2 Ra3 72. Re8+ Re3 73. Rxe3+ Kxe3 74. Kg1 g4 75. Kg2 g3 76. Kg1 Kf3 77. Kf1 g2+ 78. Kg1 Nh3# 0-1

[Event "ROM-ch U10 Girls"]
[Site "Calimanesti"]
[Date "2014.04.10"]
[Round "6"]
[White "Rata, Anamaria"]
[Black "Moldovan, Andrada"]
[Result "1-0"]
[WhiteElo "1255"]
[BlackElo "1267"]
[PlyCount "49"]
[EventDate "2014.04.06"]
[EventType "swiss"]
[EventRounds "9"]
[EventCountry "ROU"]
[SourceTitle "CBM 160 Extra"]
[Source "ChessBase"]
[SourceDate "2014.07.01"]
[SourceVersion "1"]
[SourceVersionDate "2014.07.01"]
[SourceQuality "1"]

1. e4 e5 2. Nf3 Nc6 3. Bc4 Nf6 4. Nc3 Be7 5. d3 0-0 6. Be3 d6 7. h3 Bd7 8. 0-0 a6 9. a3 b5 10. Bb3 Qc8 11. Nd5 Be6 12. Nxf6+ Bxf6 13. Ba2 Bxa2 14. Rxa2 Qe6 15. Ra1 d5 16. exd5 Qxd5 17. Re1 Rad8 18. Qe2 Nd4 19. Nxd4 exd4 20. Bd2 Rd6 21. Qe4 Qh5 22. Qf4 Bh4 23. Re5 g5 24. Bb4 Qg6 25. Qf5 1-0

[Event "ROM-ch U10 Girls"]
[Site "Calimanesti"]
[Date "2014.04.09"]
[Round "5"]
[White "Pomirleanu, Daniela Elena"]
[Black "Rata, Anamaria"]
[Result "1-0"]
[WhiteElo "1068"]
[BlackElo "1255"]
[PlyCount "109"]
[EventDate "2014.04.06"]
[EventType "swiss"]
[EventRounds "9"]
[EventCountry "ROU"]
[SourceTitle "CBM 160 Extra"]
[Source "ChessBase"]
[SourceDate "2014.07.01"]
[SourceVersion "1"]
[SourceVersionDate "2014.07.01"]
[SourceQuality "1"]

1. e4 c5 2. Nf3 d6 3. d4 cxd4 4. Nxd4 Nf6 5. Nc3 a6 6. f3 e6 7. Be3 b5 8. Bd3 Be7 9. Qd2 Bb7 10. 0-0-0 Nc6 11. Nxc6 Bxc6 12. Kb1 b4 13. Ne2 a5 14. c3 bxc3 15. Qxc3 Rc8 16. Qd2 Bd7 17. Rc1 Bc6 18. Ba6 0-0 19. Bxc8 Qxc8 20. Qc3 Bd7 21. Qxc8 Rxc8 22. Rxc8+ Bxc8 23. Rc1 Ba6 24. Nd4 Bf8 25. Nc6 a4 26. Nb4 Bb5 27. Rc8 h6 28. e5 dxe5 29. Bc5 Nd7 30. Bxf8 Nxf8 31. Nc6 Bxc6 32. Rxc6 Ng6 33. Ra6 Nh4 34. Rxa4 Nxg2 35. b4 Nf4 36. b5 Nd5 37. Kc2 Kf8 38. Kd3 Ke7 39. Ra7+ Ke8 40. Kc4 Nb6+ 41. Kc5 Nd7+ 42. Kc6 f5 43. Rxd7 e4 44. fxe4 f4 45. Rd3 g5 46. b6 g4 47. b7 f3 48. b8Q+ Kf7 49. Qf4+ Kg6 50. Qxg4+ Kf6 51. Qxf3+ Kg6 52. Rd2 e5 53. Rg2+ Kh7 54. Qg4 h5 55. Qg7# 1-0

[Event "ROM-ch U10 Girls"]
[Site "Calimanesti"]
[Date "2014.04.08"]
[Round "3"]
[White "Lehaci, Miruna Daria"]
[Black "Rata, Anamaria"]
[Result "1-0"]
[WhiteElo "1505"]
[BlackElo "1255"]
[PlyCount "131"]
[EventDate "2014.04.06"]
[EventType "swiss"]
[EventRounds "9"]
[EventCountry "ROU"]
[SourceTitle "CBM 160 Extra"]
[Source "ChessBase"]
[SourceDate "2014.07.01"]
[SourceVersion "1"]
[SourceVersionDate "2014.07.01"]
[SourceQuality "1"]

1. e4 c5 2. Nc3 Nc6 3. Bb5 Nf6 4. f4 d6 5. Nf3 e6 6. 0-0 Be7 7. d3 a6 8. Bxc6+ bxc6 9. e5 Nd5 10. d4 Nxc3 11. bxc3 d5 12. Be3 c4 13. Qe1 Bd7 14. Qg3 0-0 15. f5 exf5 16. Bh6 g6 17. Bxf8 Kxf8 18. h4 Rb8 19. Ng5 h6 20. Nh7+ Kg7 21. Nf6 Rb2 22. Nxd7 Qxd7 23. Rf4 Rxc2 24. Raf1 Kh7 25. R4f2 Rxf2 26. Qxf2 Qa7 27. g4 Qd7 28. Kg2 Qe6 29. gxf5 gxf5 30. Qxf5+ Qxf5 31. Rxf5 Kg7 32. Kg3 c5 33. Rf4 f6 34. Rg4+ Kh7 35. Kf4 cxd4 36. cxd4 fxe5+ 37. Kxe5 c3 38. Rg2 Bxh4 39. Kxd5 Be1 40. Ke4 Bd2 41. Kd3 Be1 42. d5 Bh4 43. Kxc3 Bf6+ 44. Kc4 h5 45. Kc5 h4 46. Kc6 Kh6 47. d6 Kh5 48. d7 h3 49. Rh2 Kh4 50. Rd2 Kg3 51. d8Q Bxd8 52. Rxd8 Kg2 53. Rh8 h2 54. Kb6 h1Q 55. Rxh1 Kxh1 56. Kxa6 Kg2 57. Kb6 Kf3 58. a4 Ke4 59. a5 Ke5 60. a6 Ke4 61. a7 Ke5 62. a8Q Kd4 63. Qa5 Ke4 64. Kc6 Kd4 65. Qd5+ Ke3 66. Qc4 1-0

[Event "ROM-ch U10 Girls"]
[Site "Calimanesti"]
[Date "2013.04.05"]
[Round "6"]
[White "Rata, Anamaria"]
[Black "Gollner, Blanka"]
[Result "1-0"]
[WhiteElo "1069"]
[BlackElo "1190"]
[PlyCount "56"]
[EventDate "2013.04.02"]
[EventType "swiss"]
[EventRounds "9"]
[EventCountry "ROU"]
[SourceTitle "CBM 153 Extra"]
[Source "ChessBase"]
[SourceDate "2013.04.22"]
[SourceVersion "1"]
[SourceVersionDate "2013.04.22"]
[SourceQuality "1"]

1. e4 e5 2. Nf3 Nc6 3. Bc4 Nf6 4. Nc3 Bb4 5. a3 Ba5 6. d3 a6 7. b4 Bb6 8. Be3 Bxe3 9. fxe3 0-0 10. h3 d6 11. b5 Ne7 12. Ne2 Ng6 13. Ng3 Bd7 14. a4 c6 15. bxc6 Bxc6 16. Nf5 Bd7 17. Nxd6 Qb6 18. Nf5 Bxf5 19. exf5 Qxe3+ 20. Qe2 Qxe2+ 21. Kxe2 Nf4+ 22. Kf2 Rfe8 23. g3 N4d5 24. Bxd5 Nxd5 25. Rab1 b6 26. Rb5 Nc3 27. Rxb6 Nxa4 28. Re1 Rad8 1-0

[Event "ROM-ch U10 Girls"]
[Site "Calimanesti"]
[Date "2013.04.04"]
[Round "4"]
[White "Rata, Anamaria"]
[Black "Istrate, Camelia Elena"]
[Result "1-0"]
[WhiteElo "1069"]
[BlackElo "1008"]
[PlyCount "99"]
[EventDate "2013.04.02"]
[EventType "swiss"]
[EventRounds "9"]
[EventCountry "ROU"]
[SourceTitle "CBM 153 Extra"]
[Source "ChessBase"]
[SourceDate "2013.04.22"]
[SourceVersion "1"]
[SourceVersionDate "2013.04.22"]
[SourceQuality "1"]

1. e4 c5 2. Nf3 d6 3. Bc4 Bg4 4. Nc3 Nf6 5. d3 Nc6 6. Bg5 e6 7. Bb3 Be7 8. h3 Nd4 9. hxg4 Nxb3 10. axb3 Nxg4 11. Bxe7 Qxe7 12. Nh2 Ne5 13. Nb5 a6 14. Nc3 Qd7 15. Na4 Qc6 16. Ng4 Nd7 17. Ne3 b5 18. Nc3 b4 19. Ne2 0-0 20. Ng4 Nb6 21. Qd2 f6 22. Ng3 d5 23. e5 f5 24. Nh2 Qc7 25. Nf3 f4 26. Ne2 c4 27. bxc4 dxc4 28. dxc4 Qxc4 29. Nxf4 Rxf4 30. b3 Qe4+ 31. Qe2 Qc6 32. Kf1 Re4 33. Qd3 h6 34. Rxa6 Rc8 35. g3 Ra8 36. Rxa8+ Qxa8 37. Kg2 Rg4 38. Qd6 Nd5 39. Qxe6+ Kf8 40. Qxg4 Qa2 41. Qc8+ Kf7 42. Qd7+ Ne7 43. e6+ Kf6 44. Qd4+ Kxe6 45. Re1+ Kf7 46. Ne5+ Ke6 47. Ng6+ Kf7 48. Ne5+ Ke8 49. Qd7+ Kf8 50. Qd8# 1-0